[Event "COL-chT Interclubes"]
[Site "Colombia"]
[Date "2012.??.??"]
[Round "5.3"]
[White "Salcedo Paez, Diana"]
[Black "Henao, Javier"]
[Result "1-0"]
[WhiteElo "2013"]
[BlackElo "1830"]
[PlyCount "86"]
[EventDate "2012.11.23"]
[EventType "tourn"]
[EventRounds "7"]
[EventCountry "COL"]
[SourceTitle "EXT 2024"]
[Source "ChessBase"]
[SourceDate "2023.10.10"]
[SourceVersion "1"]
[SourceVersionDate "2023.10.10"]
[SourceQuality "1"]

1. c4 Nf6 2. Nc3 g6 3. e4 d6 4. d4 Bg7 5. f4 c5 6. d5 0-0 7. Nf3 Nh5 8. Be2 e5 9. fxe5 dxe5 10. 0-0 f5 11. Ng5 Nf4 12. Nf3 Na6 13. Bxf4 exf4 14. e5 g5 15. e6 g4 16. Ne1 Qg5 17. Qd2 Bd4+ 18. Kh1 Be3 19. Qd1 Rf6 20. Bxg4 Qxg4 21. Qxg4+ fxg4 22. Nc2 Bd4 23. Nxd4 cxd4 24. Ne2 b5 25. b3 Nb4 26. Nxd4 bxc4 27. bxc4 Ba6 28. a3 Nd3 29. Nb5 Bxb5 30. cxb5 Rd8 31. e7 Re8 32. Rad1 Nc5 33. d6 Nd7 34. Rd4 Rc8 35. Kg1 Kf7 36. Rfxf4 Rxf4 37. Rxf4+ Ke6 38. Re4+ Kf7 39. Rxg4 Rc1+ 40. Kf2 Rd1 41. Rg8 Kxg8 42. e8Q+ Nf8 43. Qe7 Rd3 1-0